00368 a2200109 4500020001800000082001700018100002200035245008900057260004600146300003200192650003400224 a9780415436793 a624.15136 NG aNg, Charles W. W. aAdvanced Unsaturated Soil Mechanics and EngineeringcCharles W. W. Ng, Bruce Menzies aLondon :bTaylor and Francis Group,c2007 axxi, 687p. :bill. ;c24 cm aSoil Mechanics -- Engineering